Stambuł - quiz wielokrotnego wyboru - Statystyki

Ogólne statystyki
  • Ten quiz został rozwiązany 583 razy
  • Średni wynik to 7 z 10
Statystyki odpowiedzi
Zagadnienie Odpowiedź % Poprawnych
Jaką Stambuł nosił nazwę w latach 330-1930? Konstantynopol
99%
Które imperium ustanowiło Stambuł swoją stolicą po jego podbiciu w 1453 roku? Imperium Osmańskie
94%
Jaka jest bardziej znana nazwa Meczetu Sułtana Ahmeda, położonego w centrum Stambułu? Błękitny Meczet
84%
Jaka cieśnina oddziela azjatycką od europejskiej części Stambułu? Cieśnina Bosfora
80%
Które z poniższych miejsc odwiedza ok. 400 tys. osób dziennie? Kryty Bazar
64%
W miejscach turystycznych możesz natknąć się na sprzedawców oferujących niebieskie amulety zwane "Nazarem". Jaki jest cel tych amuletów? Aby chronić przed złym okiem
57%
Kto podbił i splądrował Stambuł w 1204 r? Krzyżowcy podczas czwartej krucjaty
55%
Jak nazywa się region, w którym leży europejska część Stambułu? Tracja
54%
Kto zbudował Hagia Sophia, największą katedrę na świecie przez około 1000 lat? Justynian
48%
Na rok 2023, czego Stambuł miał więcej niż jakiekolwiek inne miasto na świecie, według Euromonitor? Międzynarodowych turystów
44%
Nie znaleziono quizów pasujących do podanych kryteriów
Rozkład punktacji
Procent ludzi z każdym wynikiem
Percentyl według liczby udzielonych odpowiedzi
Twoja historia wyników
Nie rozwiązałeś tego quizu